| 000 | 00377nam a2200133Ia 4500 | ||
|---|---|---|---|
| 008 | 210430s9999 xx 000 0 und d | ||
| 020 | _a81-85589-76-3 | ||
| 082 | _a620.5A945 S | ||
| 100 |
_aD.K.Avasthi _954209 |
||
| 245 |
_aSwift Heavy Lons for Materials Engineering and Nanostructuring _cD.K.Avasthi |
||
| 260 |
_aIndia _bAvasthi _c2011 |
||
| 300 | _a280p | ||
| 942 |
_cBK _2ddc |
||
| 999 |
_c564694 _d564694 |
||